| 000 | 01943nam2a2200325 4500 | ||
|---|---|---|---|
| 001 | RU\NLR\19V\602122 | ||
| 005 | 20260406101022.0 | ||
| 035 | _a(NLR Aleph) 005289922 | ||
| 090 |
_a6179943 _c6179943 |
||
| 100 | _a20070801d1893 u y0rusy50 ca | ||
| 101 | 1 |
_arus _ceng |
|
| 102 | _aRU | ||
| 105 | _ay|||z|||000ay | ||
| 200 | 1 |
_aI. Холодный дом _fпер. под ред. М. А. Шишмаревой _aII. Повесть о двух городах _fпер. под ред. А. В. Каменского |
|
| 210 | _d1893 | ||
| 215 |
_a[2] с., 964 стб. _d27 |
||
| 317 |
_aИмеется также в Гос. лит. музее «XX век» в мемориальной б-ке Е. Л. Шварца © СПбГБУК «Государственный литературный музей «XX век» _5ГЛМ «XX век» |
||
| 461 | 0 |
_1001v19\rc\1568569 _12001#$aСочинения Чарльза Диккенса$eполное собрание$e[перевод]$vТ. 3 _1700#1$aДиккенс$bЧ.$f1812-1870$gЧарлз$3RU\NLR\AUTH\7713978 _95576292 _aДиккенс, Ч. (1812-1870) _cСанкт-Петербург _d1892-1897 _nФ. Павленков _oполное собрание : [перевод] _tСочинения Чарльза Диккенса _vТ. 3 |
|
| 702 | 1 |
_4340 _4730 _8rus _7ca _aШишмарева _bМ. А. _f1852-1939 _gМария Андреевна _3RU\NLR\AUTH\7778570 _961498 |
|
| 702 | 1 |
_4730 _4340 _8rus _7ca _aКаменский _bА. В. _cжурналист, переводчик _f1843-1913 _gАндрей Васильевич _3RU\NLR\AUTH\77120990 _9103915 |
|
| 801 | 0 |
_aRU _bNLR _c20070801 _gpsbo |
|
| 801 | 1 |
_aRU _bNLR _c20070801 _2rusmarc |
|
| 801 | 2 |
_aRU _bNLR _c20070801 _2rusmarc |
|
| 852 |
_aNLR _j18.172.6.19(3) |
||
| 852 |
_aNLR _j132/4592(3) |
||
| 899 |
_aГЛМ «XX век» _y(Шварц) |
||
| 942 | _cBOOK | ||
| 980 | _aNB | ||
| 981 | 4 | 6 | _a(46) Личная библиотека Е. Шварца |